| 000 | 01212nam a2200313 c 4500 | ||
|---|---|---|---|
| 999 |
_c344844 _d344844 |
||
| 003 | BLK | ||
| 005 | 20210923110510.0 | ||
| 008 | 180911b bul|||||r ||||||| ||bul|| | ||
| 010 | _a004510 | ||
| 040 | _aBLK | ||
| 041 |
_aFRE _cBUL |
||
| 080 | _z292904(497.234) | ||
| 100 | 1 |
_aTsontchev, Dimitre _9399406 |
|
| 245 | 0 | 0 | _aLe sanctuaire Thrace |
| 246 | _aPres du village de Batkoun | ||
| 260 |
_aSofia _c1941 _fImpr. de L`Etat |
||
| 300 |
_a78 с., LXVII л _b ил. _c29 см |
||
| 380 | _a2 | ||
| 490 | _aFonds du Departement de Plovdiv | ||
| 490 |
_aЧастна колекция - Академик Михаил Арнаудов _gДарение - Основен фонд |
||
| 500 | _aАвтограф с текст: На проф. М. Арнаудов - един от създателите на днешната ни висша наука, в знак на почит 25. 12. 42 Д. Цончев ;Подчертавания в текста : с. 77 (инв.№ 591937); | ||
| 520 | _aМихаил Арнаудов: негови-книга | ||
| 655 |
_aРелигии _9396805 |
||
| 700 | 1 |
_aDimitre Tsontchev _9399407 |
|
| 700 | 1 |
_aInst. archeol. Bulgare _9399408 |
|
| 852 |
_aМА 2976 _bМА |
||
| 942 |
_cKNG _n0 _s1 |
||
| 944 |
_aCR _c1994 |
||
| 999 | _d344844 | ||
| 999 | _d344844 | ||
| 999 | _d344844 | ||